000 00925 a2200265 4500
003 OSt
005 20180116192327.0
008 120508t xxu||||| |||| 00| 0 eng d
010 _a 2006295710
020 _a0750666285 (pbk.)
035 _a(OCoLC)ocm60741138
040 _c0
082 0 4 _a711.4
100 1 _aLang, Jon T.
_91274
245 1 0 _aUrban design :
_ba typology of procedures and products /
_cJon Lang.
260 _aOxford ;
_aBurlington, MA :
_bElsevier/Architectural Press,
_cc2005.
300 _axxvii, 421 p. :
_bill., plans ;
_c25 cm.
500 _a"Illustrated with over 50 case studies."
500 _aIncludes index
650 0 _aCity planning.
_91275
650 0 _aCity planning
_91276
856 4 2 _3Publisher description
_uhttp://www.loc.gov/catdir/enhancements/fy0632/2006295710-d.html
942 _aSADA
_cBK
_k711.4 LAN 2005
_2ddc
999 _c352223
_d352223